| 000 | 00886nma a22002177a 4500 | ||
|---|---|---|---|
| 006 | g q || | ||
| 999 |
_c62337 _d62337 |
||
| 005 | 20210623063644.0 | ||
| 008 | s2553 tha d | ||
| 040 | _aNALT | ||
| 041 | _atha | ||
| 090 | _aCD1719 | ||
| 245 | 1 | 0 | _aHobby Retouch Photoshop Tutorial cool and easy technics [CD-ROM] |
| 260 | 3 |
_aกรุงเทพฯ : _bบริษัทซีเอ็ดยูเคชั่น จำกัด(มหาชน), _c2553 |
|
| 300 |
_a1 แผ่น : _bSd., Col. |
||
| 650 | 0 |
_aอโดบีโฟโตช็อบ _92653 |
|
| 650 | 0 |
_aการถ่ายภาพ _98226 |
|
| 650 | 0 |
_aคอมพิวเตอร์กราฟิก _95834 |
|
| 850 | _aNALT | ||
| 942 |
_cCD _2local |
||
| 998 |
_j1020 _k จำเรียง ระวังสำโรง |
||